00417nam a2200157Ia 450000500170000000800410001702000150005808200150007310000180008824500610010626000350016730000160020265000130021865000160023165000120024720240731070501.0240331s9999 xx 000 0 und d a8185120390 a291.5bCHA aChaithanya, K 4aThe Betrayal of Krishna :bvicissitudes of a great myth aNew DelhibClarion Booksc1991 ax, 555 p ., aEconomic aDisarmament aEcology